00527nam a2200169 i 4500001000300000100001700003245004700020250004200067260002400109040000800133041000800141942000700149008004100156999001500197856009700212952004800309bg1 aMEINHOLD, H. 0aSchaltungen der Elektronik /cH. Meinhold. a2 verbesserte und erweiterte Auflage. aHeiidelberg,c1970. cBPK apol cKS s pl f |000 0 pol  c9057d9057 uhttp://koha.tu.koszalin.pl/cgi-bin/koha/opac-detail.pl?biblionumber=9057yKatalog online BPK 00104070aBPKbBPKcwo8980p01774108yKS